So you want to play the piano. White book. (Record no. 10586)
[ view plain ]
| 000 -LEADER | |
|---|---|
| fixed length control field | 00332nam a22001337a 4500 |
| 003 - CONTROL NUMBER IDENTIFIER | |
| control field | ost |
| 005 - DATE AND TIME OF LATEST TRANSACTION | |
| control field | 20140310182216.0 |
| 008 - FIXED-LENGTH DATA ELEMENTS--GENERAL INFORMATION | |
| fixed length control field | 130907t xxu||||| |||| 00| 0 eng d |
| 050 ## - LIBRARY OF CONGRESS CALL NUMBER | |
| Classification number | MT 758 |
| Item number | .F325 1972 |
| 082 ## - DEWEY DECIMAL CLASSIFICATION NUMBER | |
| Classification number | HS 786.5 |
| Item number | F34 1972 |
| 245 ## - TITLE STATEMENT | |
| Title | So you want to play the piano. White book. |
| 942 ## - ADDED ENTRY ELEMENTS (KOHA) | |
| Source of classification or shelving scheme | Library of Congress Classification |
| Koha item type | |
| Withdrawn status | Lost status | Source of classification or shelving scheme | Damaged status | Home library | Current library | Shelving location | Date acquired | Total Checkouts | Full call number | Barcode | Date last seen | Copy number | Price effective from | Koha item type |
|---|---|---|---|---|---|---|---|---|---|---|---|---|---|---|
| Library of Congress Classification | Luxembourg Library | Luxembourg Library | 09/07/2013 | MT 758 .F325 1972 | 11229 | 09/07/2013 | 1 | 09/07/2013 | Books |